00465nam a2200145 a 4500008004100000020001800041050001800059100002100077245008600098260003200184300002200216650003100238650003000269700002000299130430s2009 ||||||||||||||||| || u a9780325018263 aLB 1050.5 Pin aFountas, Irene C10aWhen readers struggle: teaching that workscby Gay Su Pinnel and Irene C. Fountas aPortsmouth:bHeinemanc2009 axiv, 577p. : ill. aREADING--REMEDIAL TEACHING aREADING (EARLY CHILDHOOD) aPinnell, Gay Su